Η καθημερινή ζωή στην Παλαιστίνη στους χρόνους του Ιησού
Αποθηκεύτηκε σε:
| Κύριος συγγραφέας: | |
|---|---|
| Άλλοι συγγραφείς: | |
| Μορφή: | Βιβλίο |
| Γλώσσα: | Greek French |
| Δημοσίευση: |
Αθήνα :
Παπαδήμας,
1990.
|
| Έκδοση: | 2η εκδ. |
| Σειρά: | Λαοί και πολιτισμοί
|
| Θέματα: | |
| Ετικέτες: |
Προσθήκη ετικέτας
Δεν υπάρχουν, Καταχωρήστε ετικέτα πρώτοι!
|
MARC
| LEADER | 00000cam a2200000 i 4500 | ||
|---|---|---|---|
| 001 | 1/85697 | ||
| 008 | 960911s1990 gr | ||| |||| ||gre|| | ||
| 020 | |a 9602060301 | ||
| 035 | |a 1991 |b 3 |c Βιβλιοθήκη |l 10034762 | ||
| 040 | |a GR-MY-UA |b gre |e aacr | ||
| 041 | 1 | |a gre |h fre | |
| 082 | 7 | |a 933 |2 (22) | |
| 100 | 1 | |a Daniel-Rops, Henri, |d 1901-1965. | |
| 245 | 1 | 2 | |a Η καθημερινή ζωή στην Παλαιστίνη στους χρόνους του Ιησού / |c Ντάνιελ Ρόπς ; μετάφραση: Έλλη Αγγέλου. |
| 250 | |a 2η εκδ. | ||
| 260 | |a Αθήνα : |b Παπαδήμας, |c 1990. | ||
| 300 | |a 536 σ. : |b εικ. ; |c 21 εκ. | ||
| 490 | 1 | |a (Λαοί και πολιτισμοί) | |
| 500 | |a Τίτλος πρωτοτύπου: La vie quotidienne en Palestine au temps di Jesus. | ||
| 630 | 0 | 0 | |a Bible. N.T. |x History of contemporary events. |
| 651 | 0 | |a Palestine |x Social life and customs. | |
| 700 | 1 | |a Αγγέλου, Έλλη Ι. |e trlf | |
| 830 | 0 | |a Λαοί και πολιτισμοί | |
| 852 | |a INST |b RHODES |e 19960911 |h 933 DAN |p 005400008262 |q 005400008262 |t BK |y 0 | ||
| 909 | |a Ρ |b 021883 | ||
| 922 | |a 4ΕΛΗ |b 199112 |c ΒΙΒΛΙΟΘΗΚΗ | ||
| 970 | |a ΧΟΡΟΖΙΔΟΥ |b ΤΖΕΝΗ |z 1999/12/15 | ||